Statistics for Geography Word Scramble #3

Click here to take the quiz!

General Stats

  • This quiz has been taken 138 times
  • The average score is 16 of 26

Answer Stats

Scramble Type Answer % Correct
UJFIMountainFuji
99%
APLSMt. RangeAlps
98%
STAXEUS StateTexas
95%
CCAIIFPOceanPacific
93%
AHDOCapitalDoha
89%
NAS SRIACCFNOCitySan Francisco
89%
AZNOMARiverAmazon
87%
AVIALTCountryLatvia
83%
KSOAACityOsaka
81%
RLAUMt. RangeUral
80%
UNAIEG-ASBIUSCountryGuinea-Bissau
72%
ERIAZFormerZaire
71%
NAORKCurrencyKrona
62%
NHSUHOIslandHonshu
61%
QUEROTAParallelEquator
60%
JAMEVODesertMojave
60%
AILTMLanguageTamil
56%
AIRTTIYICSNHReligionChristianity
50%
DMUSIBHDReligionBuddhism
49%
AKAISRNAFLanguageAfrikaans
44%
KSLEEHCurrencyShekel
38%
IRNKELMLandmarkKremlin
32%
AIEKZMNECRiverMackenzie
28%
OPATREIRCapitalPretoria
25%
AADNLSOLMIDisputeSomaliland
17%
GECENSNHRegionSchengen
9%

Score Distribution

Percentile by Number Answered

Percent of People with Each Score

Your Score History

You have not taken this quiz